| 000 | 01320cam a2200325 a 4500 | ||
|---|---|---|---|
| 001 | 1214361 | ||
| 003 | ARRUPE | ||
| 005 | 20131105144454.0 | ||
| 008 | 990526s2000 nyuab bd 001 0 eng | ||
| 010 | _a 99035035 | ||
| 020 | _a0195124561 | ||
| 040 |
_aDLC _cDLC _dDLC |
||
| 042 | _apcc | ||
| 043 | _af------ | ||
| 050 | 0 | 0 |
_aBL2400 _b.S24 2000 |
| 082 | 0 | 0 |
_a299/.62/03 _221 |
| 100 | 1 |
_aScheub, Harold. _93221 |
|
| 245 | 1 | 2 |
_aA dictionary of African mythology : _bthe mythmaker as storyteller / _cHarold Scheub. |
| 260 |
_aOxford ; _aNew York : _bOxford University Press, _c2000. |
||
| 300 |
_axiii, 368 p. : _bill., map ; _c24 cm. |
||
| 504 | _aIncludes bibliographical references (p. [296]-322) and index. | ||
| 650 | 0 |
_aMythology, African _vDictionaries. _93222 |
|
| 856 | 4 | 2 |
_3Book review (H-Net) _uhttp://www.h-net.org/review/hrev-a0c8a0-aa |
| 856 | 4 | 2 |
_3Publisher description _uhttp://www.loc.gov/catdir/enhancements/fy0637/99035035-d.html |
| 856 | 4 | 2 |
_3Contributor biographical information _uhttp://www.loc.gov/catdir/enhancements/fy0724/99035035-b.html |
| 906 |
_a7 _bcbc _corignew _d1 _eocip _f19 _gy-gencatlg |
||
| 942 |
_2lcc _cMONOGRAPH |
||
| 999 |
_c118507 _d118507 |
||